| 000 | 00453nam a22001457a 4500 | ||
|---|---|---|---|
| 020 | _a9781859469651 | ||
| 040 | _c0 | ||
| 082 |
_a724.6 _bDES |
||
| 245 | 0 | 0 |
_aDesign Studio Vol. 1: Everything Needs to Change: _bArchitecture and the Climate Emergency/ _cEdited by Sofie Pelsmakers , Nick Newman. |
| 260 |
_aLondon: _bRiba; _c2021. |
||
| 300 |
_a154p.: _bill; |
||
| 700 | 1 |
_aPelsmakers,Sofie _9118994 |
|
| 700 | 1 |
_aNewman,Nick _9121823 |
|
| 942 |
_2ddc _cBK |
||
| 999 |
_c608546 _d608546 |
||